Villes mondiales finissant par Y - Statistiques

Statistiques générales
  • Ce quiz a été pris 62 fois
    21 depuis la dernière actualisation
  • Le résultat moyen est 12 sur 20
Statistiques - réponses
Question Villes % Correct
Plus grande ville d'Australie connue pour son Opéra Sydney
100%
Match de foot opposant deux clubs quasiment voisins Derby
89%
Capitale de la Guinée Conakry
83%
Capitale du Niger Niamey
83%
L'un des plus gros aéroports au monde situé en France Roissy
83%
Ville du 95 assimilée à Pontoise Cergy
72%
Le pays de la Savoie à deux préfectures, cites-en une Chambéry / Annecy
72%
Préfecture près de Paris, ayant fusionnée avec Courcouronnes en 2019 Évry
72%
Grande ville de l'Inde connu pour être Bollywood Bombay
61%
Jeux Olympiques d'hiver 1988 qui ont eu lieu au Canada Calgary
61%
Préfecture du 43 Le Puy en Velay
56%
Lieu des JO de 2002 dans l'Utah Salt Lake City
56%
_ _ _ _ _ Stok, est une ville de Pologne dont son nom est sa monnaie Zloty
56%
Capitale de la Papouasie-Nouvelle-Guinée Port-Moresby
50%
Capitale de la Tchétchénie Grozny
44%
Plus grande ville et ancienne capitale du Kazakhstan jusqu'en 1997 Almaty
39%
Grande ville anglaise proche de Birmingham dans les Midlands de l'Ouest Coventry
39%
Prénom du cousin de Harry Potter Dudley
28%
Ville de Belgique connu pour sa brasserie du même nom Chimay
17%
Capitale historique du royaume de Dahomey, au Bénin Abomey
11%
Aucun quiz correspondant
Distribution des résultats
% des personnes avec chaque résultat
Percentile par nombre de réponses
Votre historique - résultats
Vous n’avez pas pris ce quiz depuis la dernière actualisation